All Teams To Make The College Football Playoff By Year - Statistics

General Stats
  • This quiz has been taken 22 times
  • The average score is 62 of 64
Answer Stats
Year Seed School % Correct
2014 1 Alabama
100%
2015 2 Alabama
100%
2016 1 Alabama
100%
2017 4 Alabama
100%
2018 1 Alabama
100%
2020 1 Alabama
100%
2021 1 Alabama
100%
2023 4 Alabama
100%
2025 9 Alabama
100%
2015 1 Clemson
100%
2016 2 Clemson
100%
2017 1 Clemson
100%
2018 2 Clemson
100%
2019 3 Clemson
100%
2020 2 Clemson
100%
2024 12 Clemson
100%
2014 3 Florida State
100%
2017 3 Georgia
100%
2021 3 Georgia
100%
2022 1 Georgia
100%
2024 2 Georgia
100%
2025 3 Georgia
100%
2024 10 Indiana
100%
2025 1 Indiana
100%
2019 1 LSU
100%
2021 2 Michigan
100%
2022 2 Michigan
100%
2023 1 Michigan
100%
2015 3 Michigan State
100%
2018 3 Notre Dame
100%
2020 4 Notre Dame
100%
2024 7 Notre Dame
100%
2014 4 Ohio State
100%
2016 3 Ohio State
100%
2019 2 Ohio State
100%
2020 3 Ohio State
100%
2022 4 Ohio State
100%
2024 8 Ohio State
100%
2025 2 Ohio State
100%
2015 4 Oklahoma
100%
2017 2 Oklahoma
100%
2018 4 Oklahoma
100%
2019 4 Oklahoma
100%
2025 8 Oklahoma
100%
2014 2 Oregon
100%
2024 1 Oregon
100%
2025 5 Oregon
100%
2022 3 TCU
100%
2024 9 Tennessee
100%
2023 3 Texas
100%
2024 5 Texas
100%
2016 4 Washington
100%
2023 2 Washington
100%
2024 4 Arizona State
92%
2025 10 Miami
92%
2025 6 Ole Miss
92%
2024 6 Penn State
92%
2025 7 Texas A&M
92%
2025 4 Texas Tech
92%
2024 3 Boise State
85%
2024 11 SMU
77%
2025 11 Tulane
77%
2021 4 Cincinnati
69%
2025 12 James Madison
69%
No matching quizzes found
Score Distribution
Percent of People with Each Score
Percentile by Number Answered
Your Score History
You have not taken this quiz